Descubre 2 lekcja 4 - Statystyki

Ogólne statystyki
  • Ten quiz został rozwiązany 3 razy
  • Średni wynik to 22 z 66
Statystyki odpowiedzi
Hint Odpowiedź % Poprawnych
czosnek el ajo
100%
kanapka el bocadillo
67%
kalmar el calamar
67%
w tej chwili ahora mismo
33%
arabski arabe
33%
ubić jajka batir huevos
33%
grzać calentar
33%
ciepły, gorący caliente
33%
gotować cocer
33%
chwytać coger
33%
jeść comer
33%
kroić cortar
33%
dać dar
33%
zostawić dejar
33%
wrzucić echar
33%
dorsz el bacalao
33%
pączek el buńuelo
33%
jagnię el cordero
33%
rogalik el cruasan
33%
nóż el cuchillo
33%
skorupiak el marisco
33%
małż el mejillon
33%
pochodzenie el origen
33%
ryba el pescado
33%
orzeszek piniowy el pińón
33%
talerz el plato
33%
ośmiornica el pulpo
33%
solniczka el salero
33%
widelec el tenedor
33%
nugat el turron
33%
szklanka el vaso
33%
myć fregar
33%
smażyć freir
33%
świeży, chłodny fresco
33%
zrobiony, gotowy hecho
33%
zawierać incluir
33%
żydowski Judio
33%
małż la almeja
33%
fasola la alubia
33%
mięso la carne
33%
kotlet la chuleta
33%
łyżka la cuchara
33%
łyżeczka la cucharilla
33%
rachunek la cuenta
33%
szpinak la espinaca
33%
krewetka la gamba
33%
majonez la mayonesa
33%
rodzynka la pasa
33%
przystawka, przekąska la tapa
33%
filiżanka la taza
33%
owoce morza los mariscos
33%
zmieszać mezclar
33%
oferować ofrecer
33%
stary, nieświeży pasado
33%
obierać pelar
33%
postawić poner
33%
próbować probar
33%
spalony quemado
33%
rzymski Romano
33%
wyjąć sacar
33%
służyć servir
33%
cukinia el calabacin
0%
wynalazek el invento
0%
marcepan el mazapan
0%
owoc sezonowy la fruta de temporada
0%
świeżo zrobiony recien hecho
0%
Nie znaleziono quizów pasujących do podanych kryteriów
Rozkład punktacji
Procent ludzi z każdym wynikiem
Percentyl według liczby udzielonych odpowiedzi
Twoja historia wyników
Nie rozwiązałeś tego quizu